000 00876nas a2200265 4500
001 BR0706171
003 BR-BrBNA
005 20231205111239.0
007 ta
008 230509b bl.|||p| |||| 00| 00por d
040 _aBR-BrBNA
_bpor
_cBiblioteca Nacional de Agricultura
041 _a(Pt)
072 _aA50; F70
100 1 _aRosa, L. dos S.
100 1 _aPokorny, B.
245 1 _aPotencial madeireiro e florístico de duas áreas de floresta primária com diferentes níveis de alteração antrópica, localizadas na Vila Boa Esperança, em Moju, Pará
650 _aFLORESTA
650 _aMADEIRA
650 _aFLOR
650 _aVILA BOA ESPERANÇA
650 _aPARÁ
773 0 _tRevista de Ciências Agrárias (Brazil)
_xISSN 1517-591X
_g(Jul-Dec 2004), v. 42 p. 177-208
_wBR0706171
909 _a202311
_bLúcia
_c55
_dLúcia Elande
942 _2AGRIS
_n0
_cANA
999 _c191598
_d191598